Statistiques concernant Les parcs nationaux américains en images

Cliquez ici pour prendre le quiz!

Statistiques générales

  • Ce quiz a été pris 22 fois
  • Le résultat moyen est 10 sur 62

Statistiques - réponses

Réponse% Correct
Yellowstone
95%
Grand Canyon
79%
Yosemite
68%
Sequoia
58%
Bryce Canyon
42%
Zion
42%
Arches
37%
Everglades
37%
Vallée de la mort
37%
Joshua Tree
32%
Glacier
21%
Grand Teton
21%
Mont Rainier
21%
Badlands
16%
Canyonlands
16%
Denali
16%
Gateway Arch
16%
Mesa Verde
16%
Saguaro
16%
Acadia
11%
Big Bend
11%
Biscayne
11%
Black Canyon of the Gunnison
11%
Capitol Reef
11%
Channel Islands
11%
Dry Tortugas
11%
Gates of the Arctic
11%
Glacier Bay
11%
Great Sand Dunes
11%
Great Smoky Mountains
11%
Haleakala
11%
Kings Canyon
11%
Mammoth Cave
11%
North Cascades
11%
Olympique
11%
Petrified Forest
11%
Redwood
11%
Congaree
5%
Cuyahoga Valley
5%
Grand Bassin
5%
Grottes de Carlsbad
5%
Guadalupe Mountains
5%
Hot Springs
5%
Iles Vierges
5%
Indiana Dunes
5%
Isle Royale
5%
Katmai
5%
Kenai Fjords
5%
Kobuk Valley
5%
Lake Clark
5%
Pinnacles
5%
Voyageurs
5%
White Sands
5%
Wind Cave
5%
Creater Lake
0%
Montagnes Rocheuses
0%
Samoa Américaines
0%
Shenandoah
0%
Theodore Roosevelt
0%
Volcanique de Lassen
0%
Volcans d'Hawaï
0%
Wrangell Saint Elias
0%

Distribution des résultats

Percentile par nombre de réponses

% des personnes avec chaque résultat

Votre développement - résultats

Vous n’avez pas pris ce quiz